Responses for Show #8570 - Friday, February 4, 2022

Contestants

[<< previous game]

Molly Mastantuono, a director of university communications from Natick, Massachusetts

Sara Lefort, a third grade teacher from San Jose, California

Emma Saltzberg, a consultant from Brooklyn, New York (whose 2-day cash winnings total $36,999)

[next game >>]

Jeopardy! Round responses

DANCE PARTY
MAMMALS
ALL THE BELLS & WHISTLES
NOT AN ANSWER
(Mayim: These are words that start with a vowel, but don't take the article "an".)
"R" TOWN
THE STAGE MANAGER
    $200 11
belly dancing

Sara
    $200 1
(Sara: What is an elephant?)
(Molly: What's a rhino?)

a hippopotamus

SaraMolly
Triple Stumper
    $200 6
the Liberty Bell

Sara
    $200 25
a uniform

Sara
    $200 16
Rancho

Emma
    $200 21
(Emma: What is IATSE?)
(Sara: What is United Stagehands?)

the DGA (the Directors Guild of America)

EmmaSara
Triple Stumper
    $400 12
(Sara: What is West Virginia?)

South Carolina

EmmaSara
    $400 2
the mandible (lower jawbone)

Sara
    $400 7
the graveyard

Sara
    $400 26
a eulogy

Emma
    $400 17
Riga

Emma
    $400 22
Paul Newman

Emma
    $600 13
(1 of) tango or foxtrot

Molly
    $600 3
marsupial

Sara
    $600 8
a whistle stop tour

Emma
    $600 27
a ewe

Molly
    $600 18
(Sara: What is Rome?)

Rio de Janeiro

Sara
Triple Stumper
    $600 23
(Molly: What's the grip?)
...
(Mayim: Yes, very important person.)

the gaffer

EmmaMolly
    $800 14
polka

Sara
    $800 4
(Mayim: And the tallest is barely two feet at the shoulder, which just sounds adorable.)

antelope

Sara
    $800 9
a clapper

Sara
    $800 28
a ukulele

Molly
    $1,400 19
(Mayim: The poem--Paul [*]'s Ride.)

Revere

Emma
    $800 24
The Greatest Showman

Sara
    $1000 15
(Molly: What's a chicken dance?)

the Funky Chicken

Molly
Triple Stumper
    $1000 5
the diaphragm

Emma
    $1000 10
tubular bells

Triple Stumper
    $1000 29
a Ouija board

Molly
    $1000 20
(Molly: What is Reims?)

Rouen

Molly
Triple Stumper
    $1000 30
(Mayim: That's [*], and that was in The Pajama Game.)

Shirley MacLaine

Triple Stumper

Scores at the first commercial break (after clue 15):

Emma Sara Molly
$2,000 $3,600 -$600

Scores at the end of the Jeopardy! Round:

Emma Sara Molly
$5,200 $3,800 $200

Double Jeopardy! Round responses

TITLE WORD PUZZLES
HISTORIC OFFSPRING
WHEN GOOD ACTORS BREAK BAD
ON THE BEACH
BOOKS & AUTHORS
UKRAINE DROPS
    $400 20
One Flew Over the Cuckoo's Nest

Sara
    $400 16
Alexander Hamilton

Emma
    $400 26
Tom Cruise

Emma
    $400 11
Waikiki

Sara
    $400 1
(Quentin) Tarantino

Emma
    $400 6
[NOTE: This was the 430,000th clue entered into the J! Archive, on 2022-02-04.]

natural gas

Emma
    $800 21
Big River

Triple Stumper
    $5,000 17
Napoleon

Emma
    $800 27
(Sara: Who is Sampras?)

Bobby Riggs

Sara
Triple Stumper
    $800 12
Normandy

Emma
    $800 2
Haley

Emma
    $800 7
Kyiv

Molly
    $1200 22
Up in Smoke

Sara
    $1200 18
Fred Astaire

Triple Stumper
    $1200 28
Mr. Ripley

Sara
    $1200 13
(Mayim: [Barks like a seal and claps hands] Yes.)
[Laughter]

sea lions

Emma
    $1200 3
Virginia Woolf

Molly
    $1200 8
the Crimea

Emma
    $1600 23
an Unfinished Symphony

Emma
    $1600 19
the Curies

Sara
    $1600 29
Gregory Peck

Molly
    $1600 14
Beachcomber

Emma
    $1600 4
(Sara: Who is Meyer?)

Anne Rice

SaraMolly
    $1600 9
the Orange Revolution

Emma
    $2000 24
The Day After Tomorrow

Emma
    $2000 25
Stalin

Molly
    $2000 30
Gone Baby Gone

Triple Stumper
    $2000 15
Thailand

Emma
    $2,000 5
(Molly: Got nothing, sorry.)

Killing Kennedy

Molly
    $2000 10
(Sara: What is the Aral?)

the Sea of Azov

Sara
Triple Stumper

Scores at the end of the Double Jeopardy! Round:

Emma Sara Molly
$24,600 $4,200 $5,400
(lock game)

[wagering suggestions for these scores]

Final Jeopardy! Round responses

BEHIND THE DISNEY ATTRACTION
(Mayim: [To Sara] It's a carefully controlled dropping elevator and the [*] was one of the consultants.)
SaraWhat is Otis?
$3,000
MollyWhat is General Electric?
$3,001
EmmaWhat is Kodak?
$7,400
the Otis (Company)

Final scores:

Emma Sara Molly
$17,200 $7,200 $2,399
3-day champion: $54,199 2nd place: $2,000 3rd place: $1,000

Game dynamics:

Coryat scores:

Emma Sara Molly
$19,800 $4,200 $7,400
23 R
(including 2 DDs),
1 W
15 R,
7 W
9 R,
5 W
(including 1 DD)

Combined Coryat: $31,400

[game clues] [game scores] [suggest correction]

Game tape date: 2021-11-29
The J! Archive is created by fans, for fans. Scraping, republication, monetization, and malicious use prohibited; this site may use cookies and collect identifying information. See terms. The Jeopardy! game show and all elements thereof, including but not limited to copyright and trademark thereto, are the property of Jeopardy Productions, Inc. and are protected under law. This website is not affiliated with, sponsored by, or operated by Jeopardy Productions, Inc. Join the discussion at JBoard.tv.